London rental standard (Record no. 115141)

MARC details
000 -LEADER
fixed length control field 00963cam a22002175a 4500
001 - CONTROL NUMBER
control field L158100
008 - FIXED-LENGTH DATA ELEMENTS--GENERAL INFORMATION
fixed length control field 140605s2014 xxk f 000 0 eng d
035 ## - SYSTEM CONTROL NUMBER
System control number (Sirsi) u158100
041 0# - LANGUAGE CODE
Language code of text/sound track or separate title eng
110 2# - MAIN ENTRY--CORPORATE NAME
Corporate name or jurisdiction name as entry element Greater London Authority
9 (RLIN) 5818
245 00 - TITLE STATEMENT
Title London rental standard
Medium [electronic resource]
260 ## - PUBLICATION, DISTRIBUTION, ETC.
Place of publication, distribution, etc. London
Date of publication, distribution, etc. Greater London Authority
Name of publisher, distributor, etc. 2014
510 4# - CITATION/REFERENCES NOTE
Name of source Outlines details of the London Rental Standard scheme endorsed by the Mayor of London and explains how landlords and agents can apply for accrediation. Advises tenants on how to check to see if landlords and agents are accredited.
590 ## - LOCAL NOTE (RLIN)
Local note KA
651 #4 - SUBJECT ADDED ENTRY--GEOGRAPHIC NAME
Geographic name London
690 ## - LOCAL SUBJECT ADDED ENTRY--TOPICAL TERM (OCLC, RLIN)
Topical term or geographic name as entry element Residential property
9 (RLIN) 6266
710 1# - ADDED ENTRY--CORPORATE NAME
Corporate name or jurisdiction name as entry element London
Subordinate unit Greater London Authority
-- Mayor of London
9 (RLIN) 4869
710 1# - ADDED ENTRY--CORPORATE NAME
Corporate name or jurisdiction name as entry element London Assembly
9 (RLIN) 5949
856 40 - ELECTRONIC LOCATION AND ACCESS
Uniform Resource Identifier <a href="https://www.london.gov.uk/priorities/housing-land/renting-home/london-rental-standard">https://www.london.gov.uk/priorities/housing-land/renting-home/london-rental-standard</a>
Public note View the item free of charge from www.london.gov.uk.
942 ## - ADDED ENTRY ELEMENTS (KOHA)
Suppress in OPAC 0
Holdings
Withdrawn status Lost status Source of classification or shelving scheme Damaged status Not for loan Home library Current library Shelving location Date acquired Total Checkouts Full call number Barcode Date last seen Copy number Price effective from Koha item type
    Dewey Decimal Classification     Virtual Virtual Online 05/06/2014   ONLINE PUBLICATION 158100-2001 06/08/2019 1 06/08/2019 Book